000
00315nam a22001457a 4500
008
210526b ||||| |||| 00| 0 eng d
020
_a
9780471588795
041
_a
eng
080
_a
53
082
_a
53
100
_a
43
101
_a
FIZ
245
_a
Fundamentals of Physics
_c
Christman,J.R
942
_2
udc
_c
BK
999
_c
57633
_d
57633